| 000 | 00653nam a2200241Ia 4500 | ||
|---|---|---|---|
| 008 | 180523s9999 xx 000 0 und d | ||
| 020 | _a978-1-259-00770-5 | ||
| 050 | _aMAIN HF 5387 | ||
| 050 | _b.H37 2008 | ||
| 100 | _aHartman, Laura P. | ||
| 245 | 0 | _aBusiness ethics : | |
| 245 | 0 | _bdecision making for personal integrity and social responsibility / | |
| 245 | 0 | _cLaura P. Hartman, Joe DesJardins. | |
| 250 | _a2nd Edition | ||
| 260 | _aNew York : | ||
| 260 | _bMcGraw-Hill, | ||
| 260 | _c2011 | ||
| 300 | _a608 pages : | ||
| 300 | _billustrations ; | ||
| 300 | _c23 cm. | ||
| 500 | _aIncludes index. | ||
| 650 | _aBusiness ethics. | ||
| 999 |
_c357023 _d357023 |
||